000
00307nam a22001337a 4500
008
170529b xxu||||| |||| 00| 0 eng d
020
_a
9780312687731
041
_a
eng
080
_2
10TH
_a
94(100)
100
_a
16
101
_a
SHH
245
_a
A HISTORY OF WESTERN SOCIETY
_c
MCKAY,J.P
942
_2
udc
_c
BK
999
_c
14930
_d
14930